" मुलांचे आरोग्य, आजार व उपचार" (Record no. 101880)

MARC details
000 -LEADER
fixed length control field 00746nam a2200181Ia 4500
008 - FIXED-LENGTH DATA ELEMENTS--GENERAL INFORMATION
fixed length control field 090124s9999 xx 000 0 und d
082 ## - DEWEY DECIMAL CLASSIFICATION NUMBER
Item number 35896
100 ## - MAIN ENTRY--PERSONAL NAME
Personal name जायस्वाल जयनारायण
245 ## - TITLE STATEMENT
Title " मुलांचे आरोग्य, आजार व उपचार"
250 ## - EDITION STATEMENT
Edition statement 1
260 ## - PUBLICATION, DISTRIBUTION, ETC. (IMPRINT)
Name of publisher, distributor, etc गृहलक्ष्मी प्रकाशन
Date of publication, distribution, etc 1984
300 ## - PHYSICAL DESCRIPTION
Extent 126
600 ## - SUBJECT ADDED ENTRY--PERSONAL NAME
Personal name जायस्वाल जयनारायण
630 ## - SUBJECT ADDED ENTRY--UNIFORM TITLE
Uniform title " मुलांचे आरोग्य, आजार व उपचार"
700 ## - ADDED ENTRY--PERSONAL NAME
Personal name जायस्वाल जयनारायण
730 ## - ADDED ENTRY--UNIFORM TITLE
Uniform title " मुलांचे आरोग्य, आजार व उपचार"
942 ## - ADDED ENTRY ELEMENTS (KOHA)
Koha item type Book
Holdings
Withdrawn status Lost status Damaged status Not for loan Home library Current library Date acquired Cost, normal purchase price Total Checkouts Full call number Barcode Date last seen Cost, replacement price Price effective from Koha item type
        Nagar Wachan Mandir, Thane Nagar Wachan Mandir, Thane   12.00   35896 THNNWM-35896 01/24/2009 12.00 01/24/2009 Book